LEADER 01427oam 2200409Ia 450 001 9910697103803321 005 20230902161933.0 035 $a(CKB)5470000002385879 035 $a(OCoLC)74273449 035 $a(EXLCZ)995470000002385879 100 $a20080513d2004 ua 0 101 0 $aeng 135 $aurmn||||||||| 181 $ctxt$2rdacontent 182 $cc$2rdamedia 183 $acr$2rdacarrier 200 10$aHardening and testing the video transmitter and camera for the shoulder-fired video imager$b[electronic resource] /$fMichael L. Nair 210 1$aAberdeen Proving Ground, MD :$cArmy Research Laboratory,$d[2004] 215 $a1 online resource (vi, 32 pages) $cillustrations some color) 225 1 $aARL-TR ;$v3353 300 $aTitle from PDF title screen (viewed on Aug. 9, 2010). 300 $a"November 2004." 320 $aIncludes bibliographical references (page 19). 410 0$aARL-TR (Aberdeen Proving Ground, Md.) ;$v3353. 606 $aImage transmission 606 $aCamcorders 615 0$aImage transmission. 615 0$aCamcorders. 700 $aNair$b Michael L$01407654 712 02$aU.S. Army Research Laboratory. 801 0$bDTICE 801 1$bDTICE 801 2$bGPO 906 $aBOOK 912 $a9910697103803321 996 $aHardening and testing the video transmitter and camera for the shoulder-fired video imager$93489661 997 $aUNINA